| 000 | 01146nam a22003617a 4500 | ||
|---|---|---|---|
| 003 | OSt | ||
| 005 | 20230531164115.0 | ||
| 008 | 221006b |||||||| |||| 00| 0 eng d | ||
| 040 | _cBiblioteca Lado V | ||
| 082 |
_a800 _bP419m |
||
| 100 |
_9270 _aPeña, Alfonso _eeditor |
||
| 245 | _aMaterika/ | ||
| 260 |
_aCosta Rica _bEdiciones Andromeda _c2000 |
||
| 300 |
_c15.5x21cm _a67p. |
||
| 366 | _espa | ||
| 490 |
_a1 _v1 _x1409-3693 |
||
| 505 | _aPrecaria demanda, precaria concesión | ||
| 505 | _aLa alfombra magica | ||
| 505 | _aEncendida uña de carey | ||
| 505 | _aEstaciones del olvido | ||
| 505 | _aLa torre de la locura | ||
| 505 | _aMario Camacho | ||
| 505 | _aPoemas | ||
| 505 | _aProbablemente nunca | ||
| 505 | _aPoemas | ||
| 505 | _aPublicaciones recibidas | ||
| 650 |
_2Tesauro de Arte & Arquitectura _aPOESIA _9703 |
||
| 650 |
_2Tesauro de Arte & Arquitectura _aENTREVISTA _9702 |
||
| 650 |
_2Tesauro de Arte & Arquitectura _aLITERATURA _9702 |
||
| 650 |
_2Tesauro de Arte & Arquitectura _aNARRATIVA |
||
| 650 |
_2Tesauro de Arte & Arquitectura _aESPAÑOL |
||
| 942 |
_2ddc _c1 _h800 _iP419m _n0 |
||
| 999 |
_c3789 _d3789 |
||